00842 2200289 4500245009500000250001100095100002800106700001800134700002400152700002000176700001600196700002400212700002300236700002100259700002000280700002000300700001900320700002000339650001600359005001900375260001800394041001400412084000800426300002000434500008900454336000900543 aKoleksi Karya Siswa Kelas XI - PH b : Lingkup ArgumentasicCalista Putri AnandhitahText aCet. 1 aCalista Putri Anandhita aDonna Maulida aErin Julianti Putri aFadlan Ramadhon aLia Mursida aMuhammad Fadel Khan aMuhammad Ali Akbar aNasyiva Az Zahra aRaziel Athallah aReshie Rahadian aRisca Nofembri aRizky Nur Salam aKarya Siswa a20240221110701 aJakartac2024 aIndonesia a081 ailus. :c25 cm. aKoleksi karya siswa ini merupakan karya argumentasi dari beberapa siswa kelas XI-PH. atext